| 000 | 00920 a2200217 4500 | ||
|---|---|---|---|
| 001 | 54720 | ||
| 005 | 20260407155822.0 | ||
| 008 | 260407a2007 arg spa d | ||
| 003 | AR-UNSa-BCEJYS | ||
| 040 |
_aAR-UNSa-BCEJYS _bspa _cAR-UNSa-BCEJYS |
||
| 080 |
_a711.4 _xOrdenación urbana. Desarrollo urbano. Áreas edificadas. Conurbaciones. Asentamientos |
||
| 245 | 1 | 0 |
_aEl desorden urbano _plos problemas locales de la calidad de vida |
| 020 | _a978-987-9329-24-5 | ||
| 264 | 1 |
_aBuenos Aires : _bTemas Grupo Editorial _c2007 |
|
| 300 |
_a375 p. _c22 cm. |
||
| 505 | _a1. Las megaciudades en la Argentina – 2. Los temas: Análisis y propuestas – 3. Gobernabilidad metropolitana: una primera aproximación a los problemas y soluciones para la Argentina. | ||
| 041 | _aspa | ||
| 942 | _cBK | ||
| 590 | _aniveau_biblio:m niveau_hierar:0 | ||
| 100 | 1 | _aFundación de Investigaciones Económicas Latinoamericanas (FIEL) | |
| 999 |
_c5742 _d5742 |
||